000
00286nam a22001337a 4500
008
170420b xxu||||| |||| 00| 0 eng d
020
_a
9783946057000
041
_a
eng
080
_a
617
100
_a
5
101
_a
SHF
245
_a
ROTE LISTE 2016
_c
DASSINGER, M
942
_2
udc
_c
BK
999
_c
11319
_d
11319